000 01662nam a2200421Ia 4500
001 ebr10597593
003 CaPaEBR
006 m u
007 cr cn|||||||||
008 930817s1993 gw a sb 001 0 eng d
010 _z 93021087
020 _z3110136430
020 _z9783110136432
020 _z9783110893380
040 _aCaPaEBR
_cCaPaEBR
035 _a(OCoLC)811407242
050 1 4 _aHD2741
_b.I582 1993eb
082 0 4 _a658.4
_220
245 0 0 _aInstitutional investors and corporate governance
_h[electronic resource] /
_cedited by Theodor Baums, Richard M. Buxbaum, Klaus J. Hopt.
260 _aBerlin ;
_aNew York :
_bW. de Gruyter,
_c1993.
300 _axxvii, 695 p. :
_bill.
504 _aIncludes bibliographical references and index.
533 _aElectronic reproduction.
_bPalo Alto, Calif. :
_cebrary,
_d2011.
_nAvailable via World Wide Web.
_nAccess may be limited to ebrary affiliated libraries.
650 0 _aCorporate governance
_vCongresses.
650 0 _aInstitutional investments
_vCongresses.
650 0 _aDirectors of corporations
_vCongresses.
650 0 _aCorporations
_xInvestor relations
_vCongresses.
650 0 _aStockholders' voting
_vCongresses.
650 0 _aComparative management
_vCongresses.
650 0 _aCorporation law
_vCongresses.
650 0 _aComparative law
_vCongresses.
655 7 _aElectronic books.
_2local
700 1 _aBaums, Theodor.
700 1 _aBuxbaum, Richard M.
700 1 _aHopt, Klaus J.,
_d1940-
710 2 _aebrary, Inc.
856 4 0 _uhttp://site.ebrary.com/lib/rucke/Doc?id=10597593
_zAn electronic book accessible through the World Wide Web; click to view
999 _c109296
_d109296